Logo CIB grande

CALCULO PARA ADMINISTRACION, ECONOMIA CIENCIAS BIOLOGICAS Y SOCIALES (Registro nro. 221328)

Detalles MARC
000 -LEADER
campo de control de longitud fija 00900nam a2200301Ia 4500
005 - FECHA Y HORA DE LA ÚLTIMA TRANSACCIÓN
campo de control 20250425162040.0
008 - DATOS DE LONGITUD FIJA--INFORMACIÓN GENERAL
campo de control de longitud fija 250425s9999 xx 000 0 und d
020 ## - NÚMERO INTERNACIONAL ESTÁNDAR DEL LIBRO
Número Internacional Estándar del Libro 9584102028
041 ## - CÓDIGO DE IDIOMA
Código de lengua del texto/banda sonora o título independiente spa
043 ## - CÓDIGO DE ÁREA GEOGRÁFICA
Código de área geográfica ck
082 ## - NÚMERO DE LA CLASIFICACIÓN DECIMAL DEWEY
Número de clasificación 515.43
010 ## - NÚMERO DE CONTROL DE LA BIBLIOTECA DEL CONGRESO
Número de control de LC 43041
100 ## - ENTRADA PRINCIPAL--NOMBRE DE PERSONA
Nombre de persona HOFFMANN, LAURENCE D.
245 #0 - MENCIÓN DEL TÍTULO
Título CALCULO PARA ADMINISTRACION, ECONOMIA CIENCIAS BIOLOGICAS Y SOCIALES
250 ## - MENCION DE EDICION
Mención de edición 7A ED.
260 ## - PUBLICACIÓN, DISTRIBUCIÓN, ETC.
Lugar de publicación, distribución, etc. BOGOTA
260 ## - PUBLICACIÓN, DISTRIBUCIÓN, ETC.
Lugar de publicación, distribución, etc. Colombia
Nombre del editor, distribuidor, etc. MCGRAW HILL
Fecha de publicación, distribución, etc. 2001
300 ## - DESCRIPCIÓN FÍSICA
Extensión 808
500 ## - NOTA GENERAL
Nota general Título Traducido: CALCULUS: FOR BUSINESS, ECONOMICS, AND THE SOCIAL AND LIFE SCIENCES
650 ## - PUNTO DE ACCESO ADICIONAL DE MATERIA--TÉRMINO DE MATERIA
Término de materia o nombre geográfico como elemento de entrada CALCULO PARA ADMINISTRACION
650 ## - PUNTO DE ACCESO ADICIONAL DE MATERIA--TÉRMINO DE MATERIA
Término de materia o nombre geográfico como elemento de entrada CALCULO PARA ADMINISTRACION
650 ## - PUNTO DE ACCESO ADICIONAL DE MATERIA--TÉRMINO DE MATERIA
Término de materia o nombre geográfico como elemento de entrada CALCULO PARA ADMINISTRACION
650 ## - PUNTO DE ACCESO ADICIONAL DE MATERIA--TÉRMINO DE MATERIA
Término de materia o nombre geográfico como elemento de entrada FUNCIONES LOGARITMICAS
650 ## - PUNTO DE ACCESO ADICIONAL DE MATERIA--TÉRMINO DE MATERIA
Término de materia o nombre geográfico como elemento de entrada FUNCIONES LOGARITMICAS
650 ## - PUNTO DE ACCESO ADICIONAL DE MATERIA--TÉRMINO DE MATERIA
Término de materia o nombre geográfico como elemento de entrada FUNCIONES LOGARITMICAS
700 ## - ENTRADA AGREGADA--NOMBRE PERSONAL
Nombre de persona YELKA MARIA GARCIA
Término indicativo de función/relación traductor
942 ## - ELEMENTOS DE ENTRADA SECUNDARIOS (KOHA)
Tipo de ítem Koha Libros
Existencias
Estatus retirado Estado de pérdida Estado de daño No para préstamo Biblioteca de origen Biblioteca actual Ubicación en estantería Fecha de adquisición Coste, precio normal de compra Etiqueta RFID Total de préstamos Código de barras Copia número Tipo de ítem Koha Nota pública
        CENTRO DE INFORMACIÓN BIBLIOTECARIA CENTRO DE INFORMACIÓN BIBLIOTECARIA   14/05/2014 15.00 0000000000000000006395   D-96652 37 Libros  
        CENTRO DE INFORMACIÓN BIBLIOTECARIA CENTRO DE INFORMACIÓN BIBLIOTECARIA   27/01/2011 47.00 0000000000000000006397   54860 30 Libros  
        CENTRO DE INFORMACIÓN BIBLIOTECARIA CENTRO DE INFORMACIÓN BIBLIOTECARIA   27/01/2011 47.00 0000000000000000006365   54861 31 Libros  
        ESCUELA DE NEGOCIOS ESCUELA DE NEGOCIOS   16/06/2007 46.00     CP-12963 38   COMPRA
        ESCUELA DE NEGOCIOS ESCUELA DE NEGOCIOS   16/06/2007 46.00     D-P 09353 41   DONADO
        FACULTAD DE INGENIERIA MECANICA Y CIENCIAS DE LA PRODUCCION FACULTAD DE INGENIERIA MECANICA Y CIENCIAS DE LA PRODUCCION   14/09/2004 35.00     50365 26    
        FACULTAD DE INGENIERIA MECANICA Y CIENCIAS DE LA PRODUCCION FACULTAD DE INGENIERIA MECANICA Y CIENCIAS DE LA PRODUCCION   14/09/2004 35.00     50366 27    
        FACULTAD DE INGENIERIA MECANICA Y CIENCIAS DE LA PRODUCCION FACULTAD DE INGENIERIA MECANICA Y CIENCIAS DE LA PRODUCCION   14/09/2004 35.00     50367 28    

Copyright 2025 ESPOL. Todos los derechos reservados.